000 00556nam a2200193 4500
010 _aA-094059
035 _aA-094059
037 _bCen Lib / Ret
040 _aDPL
_bEn
082 _a709.5
_bSIX
245 _aThe 6th festival of Asian arts :
_bOctober 15-31, 1981, Hong Kong /
260 _aHong Kong
_bUrban Council
_c1981
270 _aUrban Council
_bHong Kong
300 _a196p ;
_c27cm(Hb)
650 _a Arts -- Asia.
650 _aArt festivals -- Asia.
650 _a Art festivals.
942 _2ddc
_cEN
_h709.5
_mSIX
999 _c137079
_d137079